00377 a2200145 4500003000400000005001700004008004100021020001800062040000900080082001900089100003100108245003700139260004100176300001400217OSt20250610134419.0250528b |||||||| |||| 00| 0 eng d a9788175994362 coclc a822.912bSHA/P1 aShaw, Bernard,d1856-1950. aPygmalion /cGeorge Bernard Shaw aIndia:b Prakash Book Depot ,c2017. a148 pages